Statistics for All Books Written By Brandon Mull

Click here to take the quiz!

General Stats

  • This quiz has been taken 9 times
  • The average score is 26 of 40

Answer Stats

Series% Correct
Fablehaven
100%
Fablehaven
100%
Fablehaven
100%
Fablehaven
100%
Fablehaven
100%
Fablehaven
100%
Beyonders
88%
Beyonders
88%
Beyonders
88%
Candy Shop War
75%
Candy Shop War
75%
Candy Shop War
75%
Dragonwatch
75%
Dragonwatch
75%
Dragonwatch
75%
Dragonwatch
75%
Dragonwatch
75%
Dragonwatch
75%
Five Kingdoms
75%
Five Kingdoms
75%
Five Kingdoms
75%
Five Kingdoms
75%
Five Kingdoms
75%
Death Weavers
50%
Grip of the Shadow Plague
50%
Keys to the Demon Prison
50%
Master of the Phantom Isle
50%
Rise of the Evening Star
50%
Time Jumpers
50%
A World Without Heroes
38%
Champion of the Titan Games
38%
Chasing the Prophecy
38%
Crystal Keepers
38%
Return of the Dragon Slayers
38%
Rogue Knight
38%
Secrets of the Dragon Sanctuary
38%
Seeds of Rebellion
38%
Sky Raiders
38%
Arcade Catastrophe
25%
Wrath of the Dragon King
25%

Score Distribution

Percentile by Number Answered

Percent of People with Each Score

Your Score History

You have not taken this quiz